| 000 | 00685nas a2200229 4500 | ||
|---|---|---|---|
| 001 | BR7601401 | ||
| 003 | BR-BrBNA | ||
| 005 | 20231205082935.0 | ||
| 007 | ta | ||
| 008 | 230509b bl.|||p| |||| 00| 00por d | ||
| 040 |
_aBR-BrBNA _bpor _cBiblioteca Nacional de Agricultura |
||
| 041 | _a(Pt) | ||
| 072 | _aL10 | ||
| 100 | 1 | _aChaud-Netto, J. | |
| 245 | 1 | _aEstudo de segregacao com o gene laranja em Apis mellifera (Hymenoptera, Apidae) | |
| 650 | _aABELHA | ||
| 650 | _aGENETICA ANIMAL | ||
| 650 | _aGENE | ||
| 773 | 0 |
_tCiencia e Cultura (Brazil) _xISSN 0009-6725 _g(Nov 1975), v. 27(11) p. 1227-1230 _wBR7601401 |
|
| 909 |
_a202311 _bLúcia _c55 _dLúcia Elande |
||
| 942 |
_2AGRIS _n0 _cANA |
||
| 999 |
_c95246 _d95246 |
||